| 000 | 00874cab a2200265 4500 | ||
|---|---|---|---|
| 001 | ABS42332 | ||
| 008 | 090401t1990 xxu||||| |||| 00| 0 eng d | ||
| 035 | _a(Sirsi) u36238 | ||
| 041 | _aeng | ||
| 245 | _aWest Midlands | ||
| 260 | _c1990 | ||
| 350 | _a0 | ||
| 490 |
_aEstates Times _v(1039) 23 March 1990, 17-54(30) |
||
| 520 | _aReview of commercial, industrial and retail property in the West Midlands including features on business parks , Citygrove `s developments in Solihull , Waterlinks plc set up to develop the waterways and transport . | ||
| 650 | _aBIRMINGHAM | ||
| 650 | _aBLACK COUNTRY | ||
| 650 | _aCANALS | ||
| 650 | _aSUTTON COLDFIELD | ||
| 650 | _aURBAN DEVELOPMENT CORPORATION | ||
| 650 | _aWALSALL | ||
| 650 | _aWOLVERHAMPTON | ||
| 690 | _aPROPERTY-COMMERCIAL PROPERTY-COMMERCIAL PROPERTY MARKET | ||
| 942 | _n0 | ||
| 948 | _c04/03/1997 | ||
| 999 |
_c23604 _d23604 |
||